000
00296nam a2200109Ia 4500
008
171211s9999 xx 000 0 und d
245
_a
Drupal for Designers
245
_c
Dani Nordin
260
_c
2012
650
_x
IT eBOOKS
856
_u
http://down.ebook777.com/020/Drupal%20for%20Designers.pdf
999
_c
349852
_d
349852